Prosa deliberada: literatura, drogas, política, profecías

I tiakina i:
Ngā taipitopito rārangi puna kōrero
Kaituhi matua: Ginsberg, Allen (Author)
Hōputu: Pukapuka
Reo:Pāniora
I whakaputaina: Santiago Universidad Diego Portales 2016
Putanga:1a. ed
Rangatū:Colección Indicios
Ngā marau:
Ngā Tūtohu: Tāpirihia he Tūtohu
Kāore He Tūtohu, Me noho koe te mea tuatahi ki te tūtohu i tēnei pūkete!

MARC

LEADER 00000cam a2200000 a 4500
001 UCD3646
003 CL-VaPUC
008 160616e20160000cl |||||||||||||||||spa|d
020 |a 9789563143447 
082 0 4 |a 813.09  |b GIN  |2 21 
100 0 |a Ginsberg, Allen  |e author  |9 418541 
245 1 0 |a Prosa deliberada: literatura, drogas, política, profecías 
250 |a 1a. ed 
300 |a 278 p 
942 |c BK 
945 |d 20160616 22:39:00  |a dcastane 
260 |a Santiago  |b Universidad Diego Portales  |c 2016 
650 7 |a PROSA ESTADOUNIDENSE  |2 CL-VaPUC  |9 416452 
650 0 |a Literatura estadounidense  |9 317168 
583 |a last modification  |c 20160616 22:39:00  |k Rodrigo Vera 
490 0 |a Colección Indicios 
999 |c 364673  |d 364671 
952 |0 0  |1 0  |3 erb  |4 0  |6 813_090000000000000_GIN_2016  |7 0  |8 A  |9 478232  |a BIBART  |b BIBART  |i 5292727  |l 1  |o 813.09 GIN 2016  |p 5292727  |r 2025-03-13  |s 2022-10-24  |w 2019-11-24  |y BK  |z Catalogado en:20160616  |k ART 
952 |0 0  |1 0  |3 erb  |4 0  |6 813_090000000000000_GIN_2016  |7 0  |8 A  |9 478233  |a BIBART  |b BIBART  |i 5340314  |o 813.09 GIN 2016  |p 5340314  |r 2025-03-13  |w 2019-11-24  |y BK  |z Catalogado en:20160908  |k ART